| 000 | 01277nam a2200241Ia 4500 | ||
|---|---|---|---|
| 999 |
_c39788 _d39788 |
||
| 001 | 6393 | ||
| 003 | GE_BSU | ||
| 005 | 20230804114943.0 | ||
| 008 | 181216s1982||||ru |||||||||||||| ||rus|| | ||
| 040 | _cGE_BSU | ||
| 080 | _a725.4 О-66 | ||
| 100 |
_aОрловский, Б. Я. _919596 |
||
| 245 |
_aАрхитектурное проектирование промышленных здании: архитектурно-композиционные и объемно-планировочные решения : _bУчеб. пособие / _cБ. Я. Орловский, В. К. Абрамов, П. П. Сербинович ; Ред. Т. Ф. Мельникова. |
||
| 250 | _a2-е изд. перераб. и доп. | ||
| 264 |
_aМосква : _bВысш.школа _c1982. |
||
| 300 |
_a279 см. : _bил. ; _c20 см. |
||
| 653 | _aАрхитектурное проектирование промышленных здании | ||
| 653 | _a архитектурно-композиционные и объемно-планировочные решения | ||
| 700 |
_aАбрамов, В. К. _cАвтор _919597 |
||
| 700 |
_aСербинович, П. П. _cАвтор _919598 |
||
| 700 |
_aМельникова, Т. Ф. _cРедактор _919599 |
||
| 942 |
_cBK _2udc |
||